[Event "Eschborn op"]
[Site "Eschborn"]
[Date "2018.10.06"]
[Round "2"]
[White "John, Volkmar"]
[Black "George, Karsten"]
[Result "1-0"]
[WhiteElo "1764"]
[BlackElo "1241"]
[PlyCount "45"]
[EventDate "2018.10.05"]
[EventType "swiss"]
[EventRounds "5"]
[EventCountry "GER"]
[SourceTitle "CBM 187 Extra"]
[Source "ChessBase"]
[SourceDate "2018.11.04"]
[SourceVersion "1"]
[SourceVersionDate "2018.11.04"]
[SourceQuality "1"]

1. c4 e6 2. Nc3 b6 3. e4 Bb7 4. d4 Bb4 5. f3 Bxc3+ 6. bxc3 h6 7. Bd3 Nc6 8. Ne2 Qh4+ 9. g3 Qh3 10. Nf4 Qxg3+ 11. hxg3 g5 12. Ng2 0-0-0 13. Bxg5 hxg5 14. Rxh8 Nce7 15. a4 Ng6 16. Rh5 Rf8 17. a5 Kb8 18. axb6 cxb6 19. Qa4 a5 20. c5 Nf6 21. Rh2 Bc6 22. Bb5 Ne7 23. cxb6 1-0